Psicología del trabajo y gestión de recursos humanos
Tallennettuna:
| Päätekijä: | |
|---|---|
| Aineistotyyppi: | Kirja |
| Kieli: | espanja |
| Julkaistu: |
Barcelona
Gestión 2000
1997
|
| Painos: | 1a. ed |
| Aiheet: | |
| Tagit: |
Lisää tagi
Ei tageja, Lisää ensimmäinen tagi!
|
MARC
| LEADER | 00000cam a2200000 a 4500 | ||
|---|---|---|---|
| 001 | UCC0505 | ||
| 003 | CL-VaPUC | ||
| 008 | 170818e19970000sp |||||||||||||||||spa|d | ||
| 020 | |a 8480882107 | ||
| 082 | 0 | 4 | |a 658.31 |b ORD |2 21 |
| 100 | |a Ordóñez Ordóñez, Miguel |e autor |9 594508 | ||
| 245 | 1 | 0 | |a Psicología del trabajo y gestión de recursos humanos |
| 250 | |a 1a. ed | ||
| 300 | |a 445 p | ||
| 942 | |c BK | ||
| 945 | |d 20170818 15:36:00 |a dcastane | ||
| 260 | |a Barcelona |b Gestión 2000 |c 1997 | ||
| 650 | 0 | |a Psicología industrial |9 271739 | |
| 650 | 7 | |a PSICOLOGIA OCUPACIONAL |2 CL-VaPUC |9 334638 | |
| 650 | 0 | |a Psicología aplicada |9 270762 | |
| 650 | 0 | |a Relaciones laborales |9 335971 | |
| 583 | |a last modification |c 20170818 15:36:00 |k Rodrigo Vera | ||
| 999 | |c 369334 |d 369332 | ||
| 952 | |0 0 |1 0 |3 erb |4 0 |6 658_310000000000000_ORD_1997 |7 0 |8 A |9 485083 |a BIBEDU |b BIBEDU |i 5415136 |o 658.31 ORD 1997 |p 5415136 |r 2019-11-24 |w 2019-11-24 |y BK |z Catalogado en:20170818 |k PSI | ||